00839 2200289 4500001002100000005001500021035002000036007000300056008004100059020002200100082001400122084001600136100003700152245006800189300003100257650002100288264003100309336002100340337003000361338002300391040002200414090002200436850001200458999002200470250003500492990002200527INLIS00000000088671420240521120425 a0010-0524000545ta240521s2023 yoi g ind d a978-623-8350-34-604223a153.2 a153.2 WIH s0 aWihasto SuryaningtyasePengarang10aSepatu, buku tulis, dan kaleng biskuit /cWihasto Suryaningtyas aviii, 161 halaman ;c23 cm 4aKisah inspiratif31aSleman :bBukunesia,c2023 2rdacontentateks 2rdamediaatanpa perantara 2rdacarrieravolume aYOPDYOGbinderda aCB-D.11 2023-5058 aYOPDYOG aCB-D.11/2023-5058 aCetakan Pertama : Oktober 2023 aCB-D.11/2023-5058